000
00254nam a22001097a 4500
008
170113b xxu||||| |||| 00| 0 eng d
020
_a
9780721655376
041
_a
eng
080
_a
618.2
245
_a
CRITICAL CARE NURSING
_c
ALEXANDER, C
942
_2
udc
_c
BK
999
_c
2879
_d
2879